000 00346nam a2200133 i 4500
001 bg
100 1 _aMIEDZINSKI, Bogdan
245 0 _aKontaktrony jako elementy automatyki elektroenergetycznej /
_cBogdan MiedziƄski.
260 _aWroclaw,
_c1980.
040 _cBPK
041 _apol
942 _cKS
008 s pl f |000 0 pol
999 _c19645
_d19645
856 _uhttp://koha.tu.koszalin.pl/cgi-bin/koha/opac-detail.pl?biblionumber=19645
_yKatalog online BPK